00265nam a22000977a 4500008004100000082001800041110003300059245005200092260001400144300000900158230605b xxu||||| |||| 00| 0 eng d a328.5456bMAL bLok Sabha Secretariantd2004 aSir SpeaksbSelected speeches of Manohar Joshi  aNew delhi a503p